Normal view
MARC view
- Dr. Riaz Ahmad Mufti
Entry Personal Name
001 - CONTROL NUMBER
- control field: 26446
003 - CONTROL NUMBER IDENTIFIER
- control field: NUST
005 - DATE AND TIME OF LATEST TRANSACTION
- control field: 20191203142405.0
008 - FIXED-LENGTH DATA ELEMENTS
- fixed length control field: 191203|| aca||aabn | a|a d
040 ## - CATALOGING SOURCE
- Original cataloging agency: NUST
- Transcribing agency: NUST
100 ## - HEADING--PERSONAL NAME
- Personal name: Dr. Riaz Ahmad Mufti
670 ## - SOURCE DATA FOUND
- Source citation: Work cat.: (NUST): Ahmad,Adnan 26444, Friction and Lubrication Modeling of Engine Valve Trains and its Application in Wear Study /, 2018.
